[Event "Titled Tue 24th Jun Early"]
[Site "chess.com INT"]
[Date "2025.06.24"]
[Round "9"]
[White "Katishonok, Nikolaj"]
[Black "Sobek, Jaroslav"]
[Result "1-0"]
[WhiteTitle "FM"]
[BlackTitle "FM"]
[WhiteElo "2004"]
[BlackElo "2195"]
[WhiteFideId "11600225"]
[BlackFideId "301388"]
[EventDate "2025.06.24"]

1. d4 d5 2. c4 dxc4 3. e3 Be6 4. Na3 c5 5. Nf3 Nf6 6. Ng5 Bd5 7. dxc5 e6 8. e4
Nxe4 9. Nxe4 Bxe4 10. Qxd8+ Kxd8 11. Bg5+ f6 12. O-O-O+ Kc8 13. Bxc4 fxg5 14.
Bxe6+ Kc7 15. Nb5+ Kc6 16. a4 Bxc5 17. f3 a6 18. fxe4 axb5 19. Bd5+ Kb6 20. axb5
Ra1+ 21. Kc2 Rxd1 22. Rxd1 Rd8 23. Rf1 Kxb5 24. Bxb7 Rd7 25. Bd5 Nc6 26. Kb3
Nd4+ 27. Kc3 Rc7 28. Kd3 Nc6 29. Ke2 Ne5 30. Ra1 Ra7 31. Rf1 Rd7 32. Ra1 Ra7 33.
Rf1 Bd4 34. Rf5 h6 35. h4 gxh4 36. Rf4 Bxb2 37. Rxh4 Bd4 38. Rf4 Kc5 39. Rf8 Ra3
40. Rd8 Re3+ 41. Kd2 Rg3 42. Rc8+ Kd6 43. Rd8+ Ke7 44. Ra8 Rxg2+ 45. Kc1 Kf6 46.
Ra6+ Kg5 47. Ra4 Kf4 48. Rxd4 Rg1+ 49. Kc2 h5 50. Rd2 h4 51. Be6 g5 52. Rh2 Nf3
53. Rf2 Kxe4 54. Bd7 Ke3 55. Bc6 1-0

[Event "Titled Tue 24th Jun Early"]
[Site "chess.com INT"]
[Date "2025.06.24"]
[Round "9"]
[White "Pakleza, Zbigniew"]
[Black "Caruana, Fabiano"]
[Result "1/2-1/2"]
[WhiteTitle "GM"]
[BlackTitle "GM"]
[WhiteElo "2484"]
[BlackElo "2777"]
[WhiteFideId "1119290"]
[BlackFideId "2020009"]
[EventDate "2025.06.24"]

1. d4 d5 2. Nf3 Nf6 3. Bf4 Bf5 4. c3 e6 5. Nbd2 Nbd7 6. Qb3 Rb8 7. h3 Bd6 8.
Bxd6 cxd6 9. e3 O-O 10. Be2 e5 11. O-O h6 12. c4 Be6 13. Rac1 a6 14. cxd5 Bxd5
15. Bc4 Bxc4 16. Nxc4 e4 17. Nfd2 d5 18. Ne5 Re8 19. Nxd7 Qxd7 20. Rc3 Re6 21.
Rfc1 Ne8 22. Rc5 Rd6 23. Nb1 b6 24. R5c2 Kh7 25. Nc3 h5 26. Ne2 h4 27. Kf1 g5
28. Ke1 Qf5 29. Rc6 Qd7 30. Rxd6 Qxd6 31. Kd2 Nf6 32. Qa3 Qxa3 33. bxa3 Kg7 34.
Rc6 a5 35. Nc3 b5 36. Rc5 b4 37. axb4 axb4 38. Nxd5 Nxd5 39. Rxd5 Ra8 40. Rxg5+
Kf6 41. Rb5 Rxa2+ 42. Ke1 Rb2 43. g4 Rb1+ 44. Ke2 b3 45. Rb6+ Ke7 46. Rb7+ Kf6
47. Rb6+ Ke7 48. g5 b2 49. d5 Kd7 50. d6 Ke6 51. Kd2 Rf1 52. Rxb2 Rxf2+ 53. Kc3
Rxb2 54. Kxb2 Kxd6 55. Kc3 Kc5 56. Kb3 Kb5 57. Kc3 Kc5 58. Kb3 Kb5 59. Kc3 Kc5 1/2-1/2

[Event "Titled Tue 24th Jun Early"]
[Site "chess.com INT"]
[Date "2025.06.24"]
[Round "9"]
[White "Martinez Alcantara, Jose Eduardo"]
[Black "Xiong, Jeffery"]
[Result "0-1"]
[WhiteTitle "GM"]
[BlackTitle "GM"]
[WhiteElo "2611"]
[BlackElo "2639"]
[WhiteFideId "3805662"]
[BlackFideId "2047640"]
[EventDate "2025.06.24"]

1. c4 e6 2. Nf3 d5 3. g3 d4 4. Bg2 Nc6 5. O-O Nh6 6. d3 Nf5 7. Nbd2 Be7 8. a3 a5
9. Ne4 O-O 10. Rb1 h6 11. Re1 e5 12. Bd2 a4 13. Bc1 Re8 14. b4 axb3 15. Qxb3 Bf8
16. h3 Ra6 17. Qc2 Bxa3 18. Bxa3 Rxa3 19. Rb5 Nd6 20. Nxd6 Qxd6 21. Reb1 Rc3 22.
Qd1 e4 23. Ne1 e3 24. f4 Ne7 25. Nf3 c6 26. Ra5 Nf5 27. Qe1 Rc2 28. g4 Ne7 29.
f5 c5 30. Rab5 Nc6 31. R5b2 Rxb2 32. Rxb2 Nb4 33. Qh4 Qf4 34. Rb1 Na2 35. Rf1
Nc3 36. Qe1 Qd6 37. Kh1 Bd7 38. Nh2 Ra8 39. Bf3 Ra2 40. Rg1 Bc6 41. Rg2 Bxf3 42.
Nxf3 Qf4 43. Ng1 Rd2 44. Qh4 Nd1 45. Qg3 Qxg3 46. Rxg3 Nf2+ 47. Kg2 Nxd3 48. g5
hxg5 49. Rxg5 f6 50. Rg4 Ne5 51. Re4 Kf7 52. Kg3 Nxc4 53. h4 Ne5 54. Rf4 c4 55.
Rf1 c3 56. Rb1 Rb2 57. Ra1 c2 58. Rc1 d3 59. Nf3 d2 60. Ra1 c1=Q 61. Ra8 Nxf3
62. Rd8 d1=Q 63. Rd7+ Qxd7 64. h5 Qxf5 65. h6 Qg1# 0-1

[Event "Titled Tue 24th Jun Early"]
[Site "chess.com INT"]
[Date "2025.06.24"]
[Round "9"]
[White "Aadya, Gupta"]
[Black "Kawka, Milena"]
[Result "0-1"]
[WhiteTitle "WFM"]
[BlackTitle "WCM"]
[WhiteElo "1923"]
[BlackElo "2003"]
[WhiteFideId "25778293"]
[BlackFideId "21095167"]
[EventDate "2025.06.24"]

1. d4 Nf6 2. c4 e6 3. g3 Bb4+ 4. Bd2 a5 5. Bg2 O-O 6. Nf3 d6 7. O-O Bxd2 8.
Nbxd2 Qe7 9. e4 e5 10. Qc2 Nbd7 11. a3 a4 12. Rfe1 b6 13. Nb1 Bb7 14. Nc3 exd4
15. Nxd4 Qe5 16. Rad1 Qa5 17. Ndb5 Rfc8 18. Bh3 Bc6 19. Nd4 Qc5 20. Nxc6 Qxc6
21. e5 dxe5 22. Bg2 Qxc4 23. Bxa8 Rxa8 24. Qf5 Qc6 25. Rc1 g6 26. Qd3 Nc5 27.
Qc4 Re8 28. Nd1 Qb7 29. Ne3 Nfe4 30. Rc2 Ng5 31. Nd5 Kg7 32. Rc3 Nce4 33. Rce3
Nd6 34. Qd3 e4 35. Qd4+ Kh6 36. h4 Nh3+ 37. Kh2 Nf5 38. Qe5 Nxf2 39. Qxe8 Ng4+
40. Kh1 Qxd5 41. Qxe4 Nf2+ 42. Kg1 Nxe4 43. Rxe4 Nxg3 44. Rg4 Nf5 45. Rge4 Qc5+
46. Kh2 Nxh4 47. Rxh4+ Kg7 48. Rhe4 Qc2+ 49. R1e2 Qc5 50. Re6 fxe6 51. Rxe6 Qc2+
52. Kg3 Qb3+ 53. Re3 Qxe3+ 0-1

[Event "Titled Tue 24th Jun Early"]
[Site "chess.com INT"]
[Date "2025.06.24"]
[Round "9"]
[White "Kjaergaard-Jensen, Jesper"]
[Black "Harriott, Tyrell"]
[Result "1-0"]
[WhiteTitle "CM"]
[WhiteElo "2081"]
[BlackElo "1924"]
[WhiteFideId "1406990"]
[BlackFideId "2086484"]
[EventDate "2025.06.24"]

1. d4 e6 2. Nf3 d5 3. Bg5 Ne7 4. c3 f6 5. Bf4 Ng6 6. g3 Be7 7. Nbd2 O-O 8. h4 c5
9. h5 Nxf4 10. gxf4 Nc6 11. e3 Qc7 12. Rg1 Rf7 13. Nb3 c4 14. Nbd2 b5 15. Qc2 b4
16. h6 bxc3 17. bxc3 f5 18. hxg7 Bf6 19. Nxc4 dxc4 20. Bxc4 Bd7 21. Qd3 Rb8 22.
Bb3 Na5 23. c4 Qb7 24. Nd2 Qb4 25. Ke2 Rxg7 26. Rxg7+ Kxg7 27. Rg1+ Kh8 28. f3
Rg8 29. Kf2 Bh4+ 30. Kf1 Qf8 31. Qe2 Qb4 32. Rxg8+ Kxg8 33. Qg2+ Kh8 34. Ke2 Bf6
35. Qh3 Qc3 36. Qh6 Bg7 37. Qg5 Be8 38. Qd8 h6 39. Qxe8+ Kh7 40. Qxe6 Nxb3 41.
axb3 Qc2 42. d5 h5 43. Qf7 Kh6 44. Qe6+ Kh7 45. e4 Bc3 46. Qxf5+ Kg8 47. Qg5+
Kf8 48. f5 Bxd2 49. Qxd2 Qxb3 50. Qd3 Qa2+ 51. Ke3 h4 52. d6 Ke8 53. d7+ Kd8 54.
Kf4 Qa1 55. e5 Qg1 56. e6 Qg3+ 57. Ke4 Qg5 58. f4 Qf6 59. Qd6 h3 60. Qb8+ 1-0

[Event "Titled Tue 24th Jun Early"]
[Site "chess.com INT"]
[Date "2025.06.24"]
[Round "9"]
[White "Carroll, Thomas"]
[Black "Rahman, Masruri"]
[Result "0-1"]
[BlackTitle "FM"]
[WhiteElo "2131"]
[BlackElo "2407"]
[WhiteFideId "450111"]
[BlackFideId "7101163"]
[EventDate "2025.06.24"]

1. d4 e6 2. g3 Nf6 3. Bg2 d5 4. Nf3 Be7 5. O-O O-O 6. c4 dxc4 7. Qc2 a6 8. Qxc4
b5 9. Qc2 Bb7 10. a4 Nc6 11. Rd1 Nb4 12. Qd2 Ne4 13. Qf4 Nc2 14. Ra2 g5 15. Qg4
f5 16. Qh5 Bd5 17. Nxg5 Nxg5 18. Bxd5 exd5 19. Nc3 Nb4 20. Ra1 Qe8 21. Qxe8
Rfxe8 22. Bf4 Ne6 23. Be5 c6 24. f3 Bf8 25. e4 fxe4 26. fxe4 Bg7 27. exd5 Nxd5
28. Ne2 Bxe5 29. dxe5 Ng5 30. Rac1 Nf3+ 31. Kf2 Nxe5 32. Nd4 Nb4 33. Kg1 Rad8
34. Nf5 Rxd1+ 35. Rxd1 Ned3 36. axb5 axb5 37. Ra1 Re1+ 38. Rxe1 Nxe1 39. Kf2
Ned3+ 40. Ke3 Nxb2 41. Kd4 Nc4 42. Kc5 Nd3+ 43. Kxc6 b4 44. Nd4 Nd2 45. Kb5 b3
46. Nxb3 Nxb3 47. Kc4 Nbc1 48. Kc3 Nf2 49. Kd2 Nb3+ 50. Ke2 Ng4 51. h3 Nf6 52.
Kf3 Nd4+ 53. Kf4 Kg7 54. g4 Kg6 55. h4 Ne6+ 56. Kg3 Nxg4 57. Kxg4 h5+ 58. Kf3
Kf5 59. Kg3 Ke4 60. Kh3 Kf3 61. Kh2 Kg4 62. Kg2 Kxh4 63. Kh2 Kg4 64. Kg2 h4 65.
Kh2 Nf4 66. Kg1 Kh3 67. Kh1 Nd3 68. Kg1 Kg3 69. Kh1 Nf2+ 70. Kg1 h3 71. Kf1 h2
72. Ke2 h1=Q 0-1

[Event "Titled Tue 24th Jun Early"]
[Site "chess.com INT"]
[Date "2025.06.24"]
[Round "9"]
[White "Suvradeepta, Das"]
[Black "Caku, Kler"]
[Result "0-1"]
[WhiteTitle "FM"]
[BlackTitle "WFM"]
[WhiteElo "2230"]
[BlackElo "2010"]
[WhiteFideId "5058031"]
[BlackFideId "4704703"]
[EventDate "2025.06.24"]

1. d4 d5 2. Nf3 e6 3. e3 Nf6 4. Bd3 Be7 5. b3 O-O 6. Bb2 c5 7. O-O Nc6 8. Nbd2
cxd4 9. Nxd4 Qc7 10. c4 Nxd4 11. Bxd4 dxc4 12. Nxc4 b6 13. Rc1 Qd8 14. Qf3 Qd5
15. Qg3 Bb7 16. Rfd1 Qh5 17. Bf1 Rac8 18. a4 Qg6 19. Be5 Rfd8 20. Qxg6 hxg6 21.
Rxd8+ Rxd8 22. f3 Bc5 23. Kf2 Nd5 24. Ke2 Ba6 25. e4 Ne3 26. Ke1 Nxf1 27. Kxf1
Rd3 28. Rc3 Rd1+ 29. Ke2 Rg1 30. Kd3 Rxg2 31. Rc2 Rxc2 32. Kxc2 f6 33. Bc3 e5
34. Nd2 Kf7 35. b4 Bg1 36. b5 Bc8 37. h4 Bf2 38. Nc4 Ke7 39. Bb4+ Bc5 40. Bxc5+
bxc5 41. Kd3 Bb7 42. Ne3 Bc8 43. Kc4 Kd6 44. a5 Be6+ 45. Kc3 f5 46. exf5 gxf5
47. Nf1 e4 48. fxe4 fxe4 49. Ng3 Ke5 50. Nh5 g6 51. Ng3 Bd7 0-1

[Event "Titled Tue 24th Jun Early"]
[Site "chess.com INT"]
[Date "2025.06.24"]
[Round "9"]
[White "Rahmilevitz, Anton"]
[Black "Shuvalova, Polina"]
[Result "0-1"]
[BlackTitle "IM"]
[WhiteElo "2243"]
[BlackElo "2480"]
[WhiteFideId "2809699"]
[BlackFideId "24171760"]
[EventDate "2025.06.24"]

1. e4 c6 2. d4 d5 3. e5 Bf5 4. h4 h5 5. Bd3 Bxd3 6. Qxd3 Qa5+ 7. Bd2 Qa6 8. Qg3
e6 9. Nc3 Ne7 10. Nge2 Nf5 11. Qh3 Be7 12. Bg5 Nd7 13. Bxe7 Nxe7 14. O-O c5 15.
Rfe1 Rc8 16. Rad1 g6 17. Qg3 Nf5 18. Qg5 Qb6 19. dxc5 Qxc5 20. Nf4 Qe7 21. Qxe7+
Kxe7 22. g3 Nb6 23. Re2 Nc4 24. Nfxd5+ exd5 25. Nxd5+ Kf8 26. b3 Nb6 27. Nf4 Kg7
28. e6 Rhe8 29. a4 fxe6 30. Nxe6+ Kf6 31. Rde1 Re7 32. Nf4 Rxe2 33. Rxe2 Nd4 34.
Re4 Nf3+ 35. Kg2 Ne5 36. a5 Nbd7 37. Nd5+ Ke6 38. Nf4+ Kf5 39. Re2 Rc5 40. Rd2
Rxa5 41. Nd5 Ra1 42. Ne3+ Ke6 43. f4 Ng4 44. Nc4 Ndf6 45. Rd6+ Ke7 46. Rd2 b5
47. Re2+ Kf7 48. Nd2 Ra2 49. Nf3 Rxc2 50. Ng5+ Kg8 51. Rxc2 Ne3+ 52. Kf3 Nxc2
53. f5 Nd4+ 54. Kf4 Nxf5 55. Ne6 Kf7 56. Nc7 b4 57. Na6 Ke6 58. Nxb4 Nd5+ 59.
Nxd5 Kxd5 60. Kg5 Nxg3 61. Kxg6 Ke4 62. Kg5 Kf3 63. b4 a6 64. Kh6 Kg4 0-1

[Event "Titled Tue 24th Jun Early"]
[Site "chess.com INT"]
[Date "2025.06.24"]
[Round "9"]
[White "Fernandes, Rogerio Paulo Muller"]
[Black "Khanbutaev, Artemii"]
[Result "0-1"]
[WhiteElo "2241"]
[BlackElo "2139"]
[WhiteFideId "2101599"]
[BlackFideId "55747175"]
[EventDate "2025.06.24"]

1. c4 Nf6 2. g3 e6 3. Bg2 d5 4. Nf3 Be7 5. O-O O-O 6. b3 b6 7. Bb2 Bb7 8. d4
Nbd7 9. Nbd2 c5 10. dxc5 Bxc5 11. cxd5 Bxd5 12. Rc1 Qe7 13. Nc4 Rac8 14. Nfe5
Bxg2 15. Kxg2 Rfd8 16. Nd3 Nb8 17. Rc2 Nc6 18. Rd2 Bd4 19. Qa1 Ne4 20. Rc2 Bxb2
21. Qxb2 Nd4 22. Rcc1 Qb7 23. Kg1 Ng5 24. f3 Ndxf3+ 25. exf3 Rxd3 26. Ne5 Rdd8
27. Qe2 Rxc1 28. Rxc1 Rc8 29. Rxc8+ Qxc8 30. h4 f6 31. hxg5 Qc5+ 32. Kg2 fxe5
33. f4 Qd5+ 34. Kf2 exf4 35. gxf4 g6 36. Qc2 Qd7 37. Kf3 Kf7 38. Qc3 Kg8 39. Qe5
Qd5+ 40. Qxd5 exd5 41. Ke3 Kf7 42. Kd4 Ke6 43. b4 Kd6 44. a4 a6 45. b5 a5 46.
Kd3 Kc5 47. Kc3 d4+ 48. Kd3 Kd5 49. Ke2 Ke4 50. Kd2 Kxf4 51. Kd3 Ke5 52. Kc4 Ke4
53. Kb3 d3 54. Kc3 Ke3 55. Kc4 d2 56. Kd5 d1=Q+ 57. Kc6 Qd4 58. Kb7 Qxa4 59. Ka6
Qb4 60. Kxb6 Qxb5+ 61. Kxb5 Kf4 62. Kxa5 Kxg5 63. Kb5 h5 64. Kc5 h4 65. Kd4 Kg4
66. Ke3 Kg3 67. Ke2 Kg2 68. Ke3 h3 69. Kf4 h2 70. Kg5 h1=Q 71. Kf6 Qh4+ 72. Kg7
g5 0-1

[Event "Titled Tue 24th Jun Early"]
[Site "chess.com INT"]
[Date "2025.06.24"]
[Round "9"]
[White "Grandelius, Nils"]
[Black "Pranav, V"]
[Result "0-1"]
[WhiteTitle "GM"]
[BlackTitle "GM"]
[WhiteElo "2643"]
[BlackElo "2595"]
[WhiteFideId "1710400"]
[BlackFideId "25060783"]
[EventDate "2025.06.24"]

1. d4 Nf6 2. c4 e6 3. Nc3 Bb4 4. Qc2 O-O 5. a3 Bxc3+ 6. Qxc3 b6 7. f3 Bb7 8. e4
d6 9. Bd3 Nbd7 10. Ne2 h6 11. O-O c5 12. d5 Ne5 13. Ng3 Ba6 14. f4 Nxd3 15. Qxd3
Re8 16. a4 Qe7 17. Bd2 Rad8 18. Rae1 Bc8 19. Bc3 Nh7 20. b3 f6 21. dxe6 Bxe6 22.
Rd1 Nf8 23. Qf3 Qf7 24. Rd3 Bc8 25. Rfd1 Qe7 26. h3 Ng6 27. Re1 Kh7 28. Kh2 Qf7
29. Qf2 Qc7 30. Red1 Bb7 31. f5 Ne5 32. R3d2 Nf7 33. Qf4 Ng5 34. Re1 Re7 35. h4
Nf7 36. Qg4 Nh8 37. Red1 Bc8 38. e5 fxe5 39. Ne4 Rf8 40. Nxd6 e4 41. Qg3 Bxf5
42. Nxf5 Rxf5 43. Qxc7 Rxc7 44. Rd7 Rxd7 45. Rxd7 Rf7 46. Rxf7 Nxf7 47. Kg3 g5
48. h5 Nd6 49. Kg4 Kg8 50. Be5 Nf7 51. Bb8 a6 52. Ba7 Nd8 53. Bxb6 Ne6 54. Ba5
Nd4 55. Be1 Nc2 56. Kf5 Nxe1 57. Kxe4 Nxg2 58. Kd5 Nf4+ 59. Kxc5 0-1

[Event "Titled Tue 24th Jun Early"]
[Site "chess.com INT"]
[Date "2025.06.24"]
[Round "9"]
[White "Asish Panda"]
[Black "Chernov, Alexander A."]
[Result "1-0"]
[BlackTitle "FM"]
[WhiteElo "1911"]
[BlackElo "2314"]
[WhiteFideId "45012458"]
[BlackFideId "4152492"]
[EventDate "2025.06.24"]

1. e4 d6 2. Nc3 Nf6 3. g3 c5 4. Bg2 Nc6 5. Nge2 e5 6. O-O Be7 7. d3 O-O 8. f4
Rb8 9. f5 b5 10. h3 b4 11. Nb1 d5 12. Nd2 dxe4 13. Nxe4 Nxe4 14. Bxe4 Nd4 15.
Be3 Bg5 16. Bxd4 cxd4 17. h4 Be3+ 18. Kg2 f6 19. Ng1 Bb7 20. Nf3 Bxe4 21. dxe4
Qc7 22. Re1 Rfc8 23. Re2 Rb6 24. Qd3 Rc6 25. Ne1 g6 26. fxg6 hxg6 27. Rd1 Kg7
28. Qb3 a5 29. a3 Qf7 30. Qxf7+ Kxf7 31. axb4 axb4 32. Ra1 R8c7 33. g4 Rb6 34.
b3 Rc3 35. Nd3 Rb7 36. Ra4 Rxd3 37. cxd3 f5 38. gxf5 gxf5 39. exf5 Kf6 40. Kf3
Kxf5 41. Rxe3 dxe3 42. Kxe3 Rb6 43. Ra5 Rd6 44. Rc5 Rd4 45. Rc4 Rd7 46. Rxb4 Rg7
47. Kd2 Rg2+ 48. Kc3 Rg3 49. Re4 Rg1 50. b4 Rb1 51. Rc4 Ke6 52. Rc5 Rh1 53. Rc4
Kd5 54. Kb3 Rb1+ 55. Kc2 Rh1 56. b5 Rh2+ 57. Kc3 Rg2 58. b6 Rg6 59. b7 1-0

[Event "Titled Tue 24th Jun Early"]
[Site "chess.com INT"]
[Date "2025.06.24"]
[Round "9"]
[White "Moroni, Luca Jr"]
[Black "Williams, Simon K"]
[Result "1/2-1/2"]
[WhiteTitle "GM"]
[BlackTitle "GM"]
[WhiteElo "2549"]
[BlackElo "2444"]
[WhiteFideId "865834"]
[BlackFideId "404454"]
[EventDate "2025.06.24"]

1. d4 e6 2. e4 d5 3. Nc3 Nf6 4. exd5 exd5 5. Bd3 c5 6. dxc5 Bxc5 7. Nf3 O-O 8.
O-O Bg4 9. h3 Bh5 10. Bg5 Nc6 11. Be2 Bg6 12. Bd3 Bh5 13. Be2 Bg6 14. Bxf6 Qxf6
15. Qxd5 Bb6 16. Bd3 Rad8 17. Qb5 Bxd3 18. cxd3 Rd7 19. Rad1 Rfd8 20. Rfe1 h6
21. Re2 Bd4 22. Ne4 Qf4 23. b4 a6 24. Qc4 Ne5 25. Nxe5 Bxe5 26. g3 Qf3 27. Rde1
Rxd3 28. a4 Rd1 29. Qc2 Rxe1+ 30. Rxe1 Bd4 31. Qe2 Qxe2 32. Rxe2 f5 33. Nc5 Bxc5
34. bxc5 Kf7 35. Rb2 Rd7 36. Rb6 Rc7 37. c6 Rxc6 38. Rxb7+ Kf6 39. Rb4 g5 40.
Kf1 Ke5 41. Ke2 Rc5 42. Kd3 Kd5 43. Rb6 Ra5 44. Rxh6 Rxa4 45. Rg6 Ra3+ 46. Kd2
Ke4 47. Ke2 f4 48. Rxg5 f3+ 49. Kd2 Ra2+ 50. Kc3 Rxf2 51. Rg4+ Ke3 52. Rg8 Ra2
53. Re8+ Kf2 54. g4 Kg3 55. Rf8 f2 56. g5 Kxh3 57. g6 Ra3+ 58. Kd4 Rg3 59. Rxf2
Rxg6 60. Rf8 Kg4 61. Ke4 Re6+ 62. Kd5 Rg6 63. Ra8 Kg5 64. Kc5 Rf6 65. Kb4 Kf5
66. Ka5 Re6 67. Rxa6 Rxa6+ 68. Kxa6 1/2-1/2

[Event "Titled Tue 24th Jun Early"]
[Site "chess.com INT"]
[Date "2025.06.24"]
[Round "9"]
[White "Alikulov, Elbek"]
[Black "Karttunen, Mika"]
[Result "0-1"]
[WhiteTitle "IM"]
[BlackTitle "IM"]
[WhiteElo "2305"]
[BlackElo "2490"]
[WhiteFideId "14203308"]
[BlackFideId "502081"]
[EventDate "2025.06.24"]

1. e4 c6 2. d4 d5 3. Nc3 dxe4 4. Nxe4 Nf6 5. Nxf6+ exf6 6. c3 Be6 7. Bd3 Qc7 8.
Qc2 Bd6 9. Ne2 h5 10. Be3 h4 11. h3 Nd7 12. c4 Bb4+ 13. Nc3 Qa5 14. a3 Bxc3+ 15.
Qxc3 Qxc3+ 16. bxc3 Nb6 17. c5 Nc4 18. Bxc4 Bxc4 19. Kd2 b6 20. cxb6 axb6 21. a4
Ra6 22. Rhb1 Kd7 23. Rb4 Bd5 24. f3 b5 25. Ra3 Rha8 26. Kc2 bxa4 27. c4 Be6 28.
Kc3 Kc8 29. Bf4 Bd7 30. Bd6 Be6 31. c5 Bb3 32. Ra1 Bd5 33. Re1 Kd8 34. Rb7 R6a7
35. Rxa7 Rxa7 36. Kb2 a3+ 37. Ka1 a2 38. Re3 Rb7 39. Re1 Rb4 40. Be7+ Kd7 41.
Bd6 Rxd4 42. Re7+ Kd8 43. Re1 Rd2 44. Rg1 g6 45. Bf4 Re2 46. Bd6 Kd7 47. f4 Ke6
48. Bb8 Kf5 49. Bd6 Ke4 50. Bb8 Kd3 51. Bd6 Kd2 52. f5 g5 53. g3 hxg3 54. Bxg3
Kd3 55. h4 gxh4 56. Bxh4 Ke4 57. Bxf6 Kxf5 58. Bc3 Ke6 59. Bb2 f5 60. Rf1 Bc4
61. Be5 Kxe5 62. Re1 Rxe1+ 0-1

[Event "Titled Tue 24th Jun Early"]
[Site "chess.com INT"]
[Date "2025.06.24"]
[Round "9"]
[White "Yang, Daniel"]
[Black "Olhovik, Andrei"]
[Result "0-1"]
[WhiteTitle "CM"]
[BlackTitle "FM"]
[WhiteElo "2198"]
[BlackElo "2282"]
[WhiteFideId "30976340"]
[BlackFideId "13507397"]
[EventDate "2025.06.24"]

1. Nf3 d5 2. g3 c5 3. Bg2 Nc6 4. O-O Nf6 5. d4 e6 6. c4 Be7 7. dxc5 Bxc5 8. cxd5
exd5 9. b3 O-O 10. Bb2 Ne4 11. Nc3 Be6 12. Rc1 Bb6 13. Nb5 Re8 14. Nbd4 Bd7 15.
Nxc6 bxc6 16. Ne5 Nxf2 17. Rxf2 Bxf2+ 18. Kxf2 Qf6+ 19. Kg1 Rxe5 20. Bxe5 Qxe5
21. e4 Be6 22. exd5 Bxd5 23. Bxd5 cxd5 24. Qd2 d4 25. Re1 Qd5 26. Qd3 h5 27. Re4
Rd8 28. a3 g6 29. b4 Kh7 30. Re7 Rc8 31. Re1 Rc3 32. Qa6 Rc2 33. Qf1 d3 34. Rd1
Qd4+ 35. Kh1 Qe4+ 36. Kg1 Re2 37. Qxf7+ Kh6 38. Qf8+ Kg5 39. Qf4+ Qxf4 40. gxf4+
Kxf4 41. Rxd3 Ra2 42. Rb3 g5 43. Rc3 g4 44. Rc4+ Ke3 45. Rc3+ Kd4 46. Rg3 Ke4
47. Rc3 h4 48. Rc4+ Kf5 49. Rc5+ Ke6 50. Rg5 Rxa3 51. Rxg4 h3 52. Kf2 Kd5 53.
Rh4 Kc6 54. Rg4 Kb5 55. Rg3 Kxb4 56. Rg4+ Kc5 57. Rg5+ Kd4 58. Rg6 a5 59. Rg4+
Kc5 60. Rg5+ Kb4 61. Rg4+ Kb3 62. Kg3 Kb2+ 63. Kh4 a4 64. Rb4+ Kc3 65. Rb8 Rb3
66. Rc8+ Kb2 67. Rd8 a3 68. Ra8 a2 69. Kg4 a1=Q 70. Rxa1 Kxa1 71. Kh4 Kb2 72.
Kg4 Ka3 73. Kh4 Kb4 74. Kg4 Kc5 75. Kh4 Kd5 76. Kg4 Kd4 77. Kh4 Re3 78. Kg4 Kd3
79. Kh4 Ke2 80. Kg4 Kf2 81. Kh4 Ra3 82. Kg4 Kg2 0-1

[Event "Titled Tue 24th Jun Early"]
[Site "chess.com INT"]
[Date "2025.06.24"]
[Round "9"]
[White "Alonso Rosell, Alvar"]
[Black "Kramnik, Vladimir"]
[Result "0-1"]
[WhiteTitle "GM"]
[BlackTitle "GM"]
[WhiteElo "2536"]
[BlackElo "2753"]
[WhiteFideId "2270544"]
[BlackFideId "4101588"]
[EventDate "2025.06.24"]

1. d4 Nf6 2. c4 e6 3. Nf3 Bb4+ 4. Nbd2 b6 5. a3 Bxd2+ 6. Qxd2 O-O 7. e3 d5 8. b3
c5 9. Bb2 Nc6 10. cxd5 exd5 11. dxc5 bxc5 12. Be2 Ne4 13. Qc2 Bf5 14. Bd3 Qa5+
15. b4 cxb4 16. O-O Rac8 17. axb4 Qb6 18. Qb3 Be6 19. Nd4 Nd2 20. Qc2 Nxd4 21.
Qxd2 Nb3 22. Bxh7+ Kxh7 23. Qd3+ Kg8 24. Qxb3 d4 25. Qa3 dxe3 26. Qxe3 Qxe3 27.
fxe3 a6 28. Bd4 Rc2 29. Rf2 Rfc8 30. Bc5 Rc3 31. h3 Bc4 32. Kh2 Rd8 33. Rb1 Rd7
34. Rbb2 Rcd3 35. Rbc2 Bb5 36. Bd4 f6 37. Rc8+ Kh7 38. Rfc2 Kg6 39. R8c7 Rxc7
40. Rxc7 Rd2 41. Kg1 Bd3 42. g4 Be4 43. h4 Rg2+ 44. Kf1 Rxg4 45. h5+ Kxh5 46.
Ra7 Kg6 47. Kf2 Rg2+ 48. Kf1 Ra2 49. Bc5 Bd3+ 50. Kg1 Be4 51. Bf8 Rg2+ 52. Kf1
Kh7 53. Rxa6 Rg5 54. Ra3 Kg8 55. Bc5 Rd5 56. Bd4 Kf7 57. Kf2 g5 58. Ra6 Rf5+ 59.
Ke2 g4 60. Ra7+ Kg6 61. Ra5 Rf3 62. Rc5 g3 63. Rc1 Rf2+ 64. Ke1 Rh2 65. Rd1 Rh1+
66. Kd2 Rxd1+ 67. Kxd1 g2 68. Ke1 g1=Q+ 0-1

[Event "Titled Tue 24th Jun Early"]
[Site "chess.com INT"]
[Date "2025.06.24"]
[Round "9"]
[White "Rustemov, Alexander"]
[Black "Weetik, Vjacheslav"]
[Result "1-0"]
[WhiteTitle "GM"]
[BlackTitle "FM"]
[WhiteElo "2525"]
[BlackElo "2423"]
[WhiteFideId "4119002"]
[BlackFideId "4153472"]
[EventDate "2025.06.24"]

1. d4 g6 2. c4 Bg7 3. Nf3 d6 4. g3 Nf6 5. Bg2 O-O 6. Nc3 Bf5 7. Nh4 Bc8 8. O-O
e5 9. Nf3 Nc6 10. d5 Ne7 11. e4 Ne8 12. Ne1 f5 13. Nd3 Nf6 14. Bg5 fxe4 15. Nxe4
Nf5 16. Qd2 Nd4 17. f4 Nxe4 18. Bxe4 Qe8 19. fxe5 dxe5 20. Rxf8+ Qxf8 21. Rf1
Qe8 22. Bh6 Bh3 23. Rf2 Qe7 24. Bxg7 Kxg7 25. Qe3 Re8 26. b3 c6 27. dxc6 bxc6
28. Bg2 Bf5 29. h3 h5 30. Kh2 c5 31. Be4 Qd6 32. h4 Qe7 33. Kg2 a5 34. Ne1 Qd7
35. Nf3 Bh3+ 36. Kh2 Nxf3+ 37. Qxf3 Bf5 38. Bxf5 gxf5 39. Qxf5 Qxf5 40. Rxf5 Kg6
41. Rg5+ Kf6 42. Rxh5 Rd8 43. Rh6+ Kf5 44. Rc6 Rd2+ 45. Kh3 Rxa2 46. Rxc5 Ke4
47. h5 Rb2 48. Rb5 Rb1 49. Kg2 Kd4 50. h6 Rb2+ 51. Kh3 Rb1 52. Rd5+ Ke4 53. Rd2
Rh1+ 54. Rh2 Rd1 55. h7 Rd8 56. Kg4 Rh8 57. Kg5 Kd3 58. c5 e4 59. Kg6 e3 60. c6
e2 61. Rxe2 Kxe2 62. c7 Rc8 63. Kf5 Kd3 64. g4 Kc3 65. g5 Rxc7 66. h8=Q+ Kxb3
67. Qb8+ 1-0

[Event "Titled Tue 24th Jun Early"]
[Site "chess.com INT"]
[Date "2025.06.24"]
[Round "9"]
[White "Calvo Gonzalez, Jose Felix"]
[Black "Asensio Ramos, Enrique Fernando"]
[Result "1-0"]
[WhiteTitle "CM"]
[BlackTitle "CM"]
[WhiteElo "2168"]
[BlackElo "2200"]
[WhiteFideId "54505615"]
[BlackFideId "2214172"]
[EventDate "2025.06.24"]

1. e4 c5 2. Nf3 d6 3. d4 cxd4 4. Nxd4 Nf6 5. Nc3 g6 6. Be3 Nc6 7. f3 h5 8. Qd2
Nxd4 9. Bxd4 Bh6 10. Be3 Bxe3 11. Qxe3 Be6 12. Bb5+ Kf8 13. O-O-O Qa5 14. Rd4
Rc8 15. Rhd1 Rxc3 16. Qxc3 Qxb5 17. Rxd6 exd6 18. Qxf6 Qe5 19. Qd8+ Kg7 20. Qxd6
Qxd6 21. Rxd6 Kf6 22. f4 Ke7 23. Rd4 Rc8 24. b3 b6 25. Ra4 a5 26. Kd2 Rd8+ 27.
Ke3 Rd1 28. b4 Bd7 29. Ra3 a4 30. Rd3 Rh1 31. h3 h4 32. a3 Rc1 33. Rc3 Bb5 34.
Kf3 Bf1 35. Rc7+ Kf8 36. e5 b5 37. c3 Bc4 38. Kg4 Rxc3 39. Kxh4 Rxa3 40. Kg5 Kg7
41. g4 Rxh3 42. f5 gxf5 43. gxf5 Rg3+ 44. Kf4 Rg1 45. e6 Rf1+ 46. Kg5 Kf8 47.
Rxf7+ Ke8 48. Kf6 Bd3 49. Re7+ Kf8 50. Rf7+ Kg8 51. Rg7+ Kh8 52. e7 Rxf5+ 53.
Ke6 Rf1 54. e8=Q+ Kxg7 55. Qe7+ Kg6 56. Qd6 Bf5+ 57. Ke5+ Kg5 58. Qf6+ Kg4 59.
Qg7+ Kh5 60. Qg2 Rd1 61. Kxf5 Kh4 62. Qg4# 1-0